La formación sacerdotal de los hispanos en los Estados Unidos

Guardat en:
Dades bibliogràfiques
Autor principal: Riebe-Estrella, Gary (Autor)
Format: Llibre
Idioma:espanyol
Publicat: Salamanca Universidad Pontificia de Salamanca 1993
Matèries:
Etiquetes: Afegir etiqueta
Sense etiquetes, Sigues el primer a etiquetar aquest registre!

MARC

LEADER 00000nam a2200000 a 4500
001 UCY2619
003 CL-VaPUC
008 941107e19930000SP |||||||||||||||||spa|d
082 0 4 |a 253  |b RIE  |2 21 
100 0 |a Riebe-Estrella, Gary  |e author  |9 330686 
245 1 3 |a La formación sacerdotal de los hispanos en los Estados Unidos 
300 |a 56 p 
942 |c BK 
945 |d 19941107 00:00:00  |a aalvarez 
260 |a Salamanca  |b Universidad Pontificia de Salamanca  |c 1993 
500 |a Extracto de la Tesis Doctoral 
650 0 |a Sacerdocio  |9 319738 
583 |a last modification  |c 19941107 00:00:00  |k Rodrigo Vera 
999 |c 230979  |d 230977